| 000 | 00708nac a22002051u 4500 | ||
|---|---|---|---|
| 020 | _a0071189572 | ||
| 082 |
_a660.2 _bS6421 |
||
| 090 |
_c1011 _d1011 |
||
| 100 | _aSmith, J. M. | ||
| 245 |
_aIntroduction to chemical engineering thermodynamics / _cJ. M. Smith, H. C. van Ness, M. M. Abbott. |
||
| 250 | _a6th ed. | ||
| 260 |
_aBoston : _bMcGraw Hill, _c2001. |
||
| 300 |
_a789 p. : _billus; _c24 cm. |
||
| 500 | _aIncludes index. | ||
| 650 | _aChemical engineering. | ||
| 700 | _aNess, H. C. van | ||
| 700 | _aAbbott, M. M. | ||
| 942 |
_cBB _k660.2S6421 |
||
| 999 |
_c1011 _d1011 |
||